000 01159nam a22002057a 4500
999 _c61950
_d61950
003 Ge_BSU
005 20240614105444.0
008 240614s1977 ge ||||| |||| 00| 0 geo d
041 _ageo
080 _a616.9 + 616-036.22 ხ-12
100 _aხაბაზი, ა.
_922428
245 _aინფექციური დაავადებანი ეპიდემიოლოგიის საფუძვლებით :
_b [სახელმძღვ. სამედ. სასწ. მედდების, მეანობისა და საფერშლო-სალაბორანტო განყ-ბის მოსწავლეთათვის] /
_cა. ხარაზი, ე. ეგორაშვილი.
264 _aთბ. :
_bგანათლება,
_c1977.
300 _a271 გვ. :
_bილ.; 4ფ. ილ. ;
_c22 სმ.
653 _aინფექციური დაავადებები
653 _aეპიდემიოლოგია
653 _aმედიცინა
700 _aეგორაშვილი, ე.
_eავტორი
_922429
942 _2udc
_cBK